MARC

LEADER 00000nam0a2200000 4500
001 27108
005 20231101205754.0
010 |a 5774900797 
035 |a (RuTPU)RU\TPU\book\27356 
035 |a BOOK00027431 
090 |a 27108 
100 |a 20011209d2000 m y0rusy50 ca 
101 0 |a rus 
102 |a RU 
105 |a y j 001zy 
200 1 |a Оценка предприятий. Имущественный подход  |e Учебно-практическое пособие  |f В. В. Григорьев, И. М. Островкин 
205 |a 2-е изд. 
210 |a Москва  |c Дело  |d 2000 
215 |a 224 с. 
320 |a Библиогр.: с. 195-204. 
606 1 |a Оценка бизнеса  |2 stltpush  |3 (RuTPU)RU\TPU\subj\27868  |9 51546 
610 1 |a экономика 
610 1 |a предприятия 
610 1 |a имущество 
610 1 |a оценка 
610 1 |a активы 
610 1 |a накопление 
610 1 |a рыночная стоимость 
610 1 |a ликвидационная стоимость 
610 1 |a учебные пособия 
675 |a 657.9(075.8)  |v 3 
700 1 |a Григорьев  |b В. В.  |g Владимир Викторович 
701 1 |a Островкин  |b И. М.  |g Илья Моисеевич 
801 0 |a RU  |b 63413507  |c 20011209  |g PSBO 
801 2 |a RU  |b 63413507  |c 20190603  |g PSBO 
900 |a Экономика 
942 |c BK